1967 steam charts (Record no. 20544)

000 -LEADER
fixed length control field 00500nam a22001931 4500
001 - CONTROL NUMBER
control field 20544
003 - CONTROL NUMBER IDENTIFIER
control field BD-DhUET
008 - FIXED-LENGTH DATA ELEMENTS--GENERAL INFORMATION
fixed length control field 700914s1968 nyua 000 0 eng
020 ## - INTERNATIONAL STANDARD BOOK NUMBER
International Standard Book Number 0713130458
040 ## - CATALOGING SOURCE
Original cataloging agency DLC
Transcribing agency DLC
Modifying agency BD-DhUET
082 ## - DEWEY DECIMAL CLASSIFICATION NUMBER
Classification number 621.101084
Item number ELE/1967
110 ## - MAIN ENTRY--CORPORATE NAME
Corporate name or jurisdiction name as entry element Electrical Research Association
245 10 - TITLE STATEMENT
Title 1967 steam charts
250 ## - EDITION STATEMENT
Edition statement 1st ed.
260 ## - PUBLICATION, DISTRIBUTION, ETC. (IMPRINT)
Place of publication, distribution, etc. London
Name of publisher, distributor, etc. Edward Arnold
Date of publication, distribution, etc. 1967
300 ## - PHYSICAL DESCRIPTION
Extent vii, 64 p. (chiefly illus., part col.)
Dimensions 31 cm.
650 #0 - SUBJECT ADDED ENTRY--TOPICAL TERM
Topical term or geographic name as entry element Steam
942 ## - ADDED ENTRY ELEMENTS (KOHA)
Koha item type Corporate Publication
Holdings
Not for loan Koha full call number Copy number Sublocation or collection (holding branch) Shelving location Piece designation (barcode) Koha normalized classification for sorting Price effective from Withdrawn status Damaged status Koha item type Lost status Date acquired Koha date last seen Source of classification or shelving scheme Location (home branch)
 621.101084/ELE/19671Central Library, BUETCirculation section18295621_101084000000000_ELE_19672015-04-12  Corporate Publication 2015-04-122015-04-12 Central Library, BUET
 621.101084/ELE/19672Central Library, BUETCirculation section18293621_101084000000000_ELE_19672015-04-12  Corporate Publication 2015-04-122015-04-12 Central Library, BUET
 621.101084/ELE/19673Central Library, BUETCirculation section13166621_101084000000000_ELE_19672015-04-12  Corporate Publication 2015-04-122015-04-12 Central Library, BUET
 621.101084/ELE/19674Central Library, BUETCirculation section13162621_101084000000000_ELE_19672015-04-12  Corporate Publication 2015-04-122015-04-12 Central Library, BUET
 621.101084/ELE/19675Central Library, BUETCirculation section18297621_101084000000000_ELE_19672015-04-12  Corporate Publication 2015-04-122015-04-12 Central Library, BUET
 621.101084/ELE/19676Central Library, BUETCirculation section18296621_101084000000000_ELE_19672015-04-12  Corporate Publication 2015-04-122015-04-12 Central Library, BUET
 621.101084/ELE/19677Central Library, BUETCirculation section18294621_101084000000000_ELE_19672015-04-12  Corporate Publication 2015-04-122015-04-12 Central Library, BUET
 621.101084/ELE/19678Central Library, BUETCirculation section18300621_101084000000000_ELE_19672015-04-12  Corporate Publication 2015-04-122015-04-12 Central Library, BUET
 621.101084/ELE/19679Central Library, BUETCirculation section13163621_101084000000000_ELE_19672015-04-12  Corporate Publication 2015-04-122015-04-12 Central Library, BUET
 621.101084/ELE/196710Central Library, BUETCirculation section18299621_101084000000000_ELE_19672015-04-12  Corporate Publication 2015-04-122015-04-12 Central Library, BUET
 621.101084/ELE/196711Central Library, BUETCirculation section13165621_101084000000000_ELE_19672015-04-12  Corporate Publication 2015-04-122015-04-12 Central Library, BUET
 621.101084/ELE/196712Central Library, BUETCirculation section18302621_101084000000000_ELE_19672015-04-12  Corporate Publication 2015-04-122015-04-12 Central Library, BUET
 621.101084/ELE/196713Central Library, BUETCirculation section18301621_101084000000000_ELE_19672015-04-12  Corporate Publication 2015-04-122015-04-12 Central Library, BUET